| 000 | 01269nab a2200229 i 4500 | ||
|---|---|---|---|
| 001 | 170437 | ||
| 003 | ES-MaACL | ||
| 005 | 20250913172418.0 | ||
| 008 | 090305m18861887sp 000 0 spa d | ||
| 100 | 1 |
_aBlasco, Eusebio, _d1844-1903 _9126018 |
|
| 245 | 1 | 4 |
_aLas costumbres en el teatro: su influencia recíproca - Bretón de los Herreros, Narciso Serra, Ventura de la Vega, Ayala : 29ª conferencia [del ciclo "La España del siglo XIX", Ateneo Científico, Literario y Artístico de Madrid] / _corador, Eusebio Blasco. |
| 600 | 1 | 4 |
_aBretón de los Herreros, Manuel, _d1796-1873 _931637 |
| 600 | 1 | 7 |
_aSerra, Narciso, _d1830-1877 _2 _9132663 |
| 600 | 1 | 4 |
_aVega, Ventura de la, _d1807-1865 _9113584 |
| 610 | 2 | 4 |
_aAteneo de Madrid- _vConferencias- _yS.XIX. _91910 |
| 610 | 2 | 4 |
_aAteneo de Madrid- _vObras digitalizadas. _91930 |
| 773 | 0 |
_tLa España del siglo XIX : colección de conferencias históricas celebradas durante el curso de 1885-86 [y curso de 1886-87], _dMadrid : Librería de Don Antonio San Martín, 1886-1887, _gT. 3, p. 121-171 _082158 _985194 _w82158 |
|
| 856 | 4 |
_uhttp://www.ateneodemadrid.com/biblioteca_digital/folletos/Folletos-0117.pdf _zVer documento |
|
| 942 |
_cANAM _2udc |
||
| 999 |
_c170437 _d170437 |
||